000 00709nam a2200229 a 4500
005 20241004063742.0
008 010518s1994 r 000 0 eng d
020 _a8436808134
035 _aUPN01000106428
049 _aCG
050 4 _aRC394 D5
_bR5.2
100 1 _aRivas Torres, Rosa María
245 1 0 _aDislexia, disortografía y disgrafía /
_cRosa María Rivas Torres, Pilar Fernández Fernández.
260 _aMadrid :
_bPirámide,
_c1994.
300 _a205 p. :
_bil.
440 0 _aOjos solares.
_pTratamiento
650 2 _aDislexia
_97896
650 2 _aDisgrafia
_93087
650 4 _aLectura
_xEnseñanza correctiva
_919399
700 1 _aFernández Fernández, Pilar,
_ecoaut.
905 _aLibro
999 _c80340
_d80340